Sports Quiz

Random Sports or Alphabet Quiz

Dictionary Proximity: Sports Edition Quiz Stats

Quiz Updated May 20, 2014

Challenge
Share
Tweet
Embed
Score 0/38 Timer 09:00
1 Play Today
Proximity Team Actual Team % Correct
Washroom RedstreaksWashington Redskins
83%
Atlantic FallaciesAtlanta Falcons
82.9%
Bossy BruisersBoston Bruins
81%
Philandering FlyboysPhiladelphia Flyers
80.8%
Buffed BilirubinBuffalo Bills
80.7%
Detritus PistachiosDetroit Pistons
79.9%
Dental BronchitisDenver Broncos
79.4%
Seatbelt MarionettesSeattle Mariners
79.3%
Houseplant AstronautsHouston Astros
79.1%
Phobic SunbathersPhoenix Suns
78.9%
Tormented Blubbering JaywalkersToronto Blue Jays
77.9%
Million BrewskiesMilwaukee Brewers
76.5%
Balsamic OrificesBaltimore Orioles
76%
Memberless GristleMemphis Grizzlies
75.6%
Indecisive PacifiersIndiana Pacers
75.4%
LiverwurstLiverpool
75.3%
Minor TwinkiesMinnesota Twins
74.3%
Anaesthetic DuctworkAnaheim Ducks
74.2%
Jackass JailbaitJacksonville Jaguars
73.8%
Proximity Team Actual Team % Correct
Sacred KindergartenersSacramento Kings
73%
Manchu UnitsManchester United
72.7%
Indescribable ColostomyIndianapolis Colts
70.5%
Pitiful PenetrationPittsburgh Penguins
70.3%
Carousing PantyhoseCarolina Panthers
68.8%
ArsesArsenal
68%
Winnebago JestersWinnipeg Jets
67.6%
Color-blind RockfishColorado Rockies
66.6%
Uterus JawbreakersUtah Jazz
65.6%
Calico FlamingosCalgary Flames
61.7%
Monotonous CanariesMontreal Canadiens
58.8%
Chicken CuckoosChicago Cubs
56.1%
Tenpin Tittle-TattlesTennessee Titans
55.3%
Dalmatian StaplersDallas Stars
54.7%
Ornamental MaggotsOrlando Magic
51.1%
Astonishingly VileAston Villa
44%
Tottering HotshotsTottenham Hotspur
35%
Bolstered WankersBolton Wanderers
20.9%
Blackhead RoundwormsBlackburn Rovers
19.7%

You're not logged in!

Compare scores with friends on all Sporcle quizzes.
Join for Free
OR
Log In

You Might Also Like...

Show Comments

Extras

Top Quizzes Today


Score Distribution

Your Account Isn't Verified!

In order to create a playlist on Sporcle, you need to verify the email address you used during registration. Go to your Sporcle Settings to finish the process.

Report this User

Report this user for behavior that violates our Community Guidelines.

Details: